000 00684nam a2200241 i 4500
001 C2-0274789
003 PPAK
005 20210609093341.0
008 061004s2006 my a j | 0 p may d
020 _a9833357954
_qpaperback
040 _aPPAK
_beng
_cPPAK
_erda
082 0 4 _a899.231
_223
090 0 0 _a899.231
_bISM
_dK
100 0 _aIsmail Restu,
_eauthor.
245 1 0 _aKoleksi puisi untuk kanak-kanak /
_cIsmail Restu
264 1 _aBatu Caves, Selangor :
_bPTS One,
_c2006
300 _a138 pages :
_billustrations ;
_c26 cm
336 _2rdacontent
_atext
337 _2rdamedia
_aunmediated
338 _2rdacarrier
_avolume
650 1 0 _aMalay poetry.
942 _cB
_2ddc
999 _c82519
_d82519